|
|
|
|
| LEADER |
01056cam a2200289 7i4500 |
| 001 |
0000025702 |
| 005 |
20170218090000.0 |
| 008 |
090121 eng |
| 020 |
|
|
|a 9789832349662 (pbk.)
|
| 020 |
|
|
|a 9832349664 (pbk.)
|
| 090 |
0 |
0 |
|a HF5549.5.G6
|b D44 1998
|
| 100 |
1 |
|
|a Davidson, Jeff
|
| 245 |
1 |
0 |
|a Reaching your goals
|c Jeff Davidson.
|
| 260 |
|
|
|a Petaling Jaya, Selangor:
|b Advantage Quest Pub.,
|c 1998.
|
| 300 |
|
|
|a xxvii, 340 p.;
|c 21 cm.
|
| 490 |
1 |
|
|a The advantage quest guide
|
| 504 |
|
|
|a Includes bibliographical references and index
|
| 650 |
0 |
0 |
|a Planning
|
| 650 |
0 |
0 |
|a Goal setting in personnel management
|
| 650 |
0 |
0 |
|a Goal (Psychology)
|
| 650 |
0 |
0 |
|a Management --
|x Psychological aspects
|
| 997 |
|
|
|a Business & Accountancy, Faculty
|
| 998 |
|
|
|a Business Management, Degree
|
| 998 |
|
|
|a Human Resource Management, Degree
|
| 999 |
|
|
|a 0000032758
|b BOK
|c OPEN SHELF
|e 1st Floor, Shah Alam
|
| 999 |
|
|
|a 0000032759
|b BOK
|c OPEN SHELF
|e 1st Floor, Shah Alam
|
| 999 |
|
|
|a 0000032760
|b BOK
|c OPEN SHELF
|e 1st Floor, Shah Alam
|